000
00328 a2200169 4500
001
183322
020
_a
85-08-05841-1
040
_c
Magnum
100
_a
Marcondes, Lucila
240
1
0
_a
O sangue
_l
por
245
1
0
_a
O sangue
300
_a
7948
362
0
_a
1996
440
1
_a
Ática
697
_a
CIÊNCIAS
942
_c
BK
999
_c
183322
_d
183322